| 000 | 00604nam a2200181Ia 4500 | ||
|---|---|---|---|
| 003 | GCL | ||
| 008 | 140319s9999 xx 000 0 ara d | ||
| 040 |
_aGCL / _cGCL |
||
| 082 | 0 | 4 |
_a811.2 _bخ د |
| 100 | 1 | _aالخنساء، تماضر بنت عمرو، -645م | |
| 245 | 1 | 0 |
_aديوان الخنساء / _cالخنساء، تماضر بنت عمرو، -645م |
| 300 | _a150 ص | ||
| 490 | _a | ||
| 650 | 0 | 4 | _aالخنساء |
| 650 | 0 | 4 | _aالشعر العربى - دواوين وقصائد |
| 650 | 0 | 4 | _aالشعر العربى - تاريخ ونقد - العصر الجاهلى |
| 942 |
_2ddc _cBK |
||
| 999 |
_c40080 _d40080 |
||